00353nam a2200133Ia 4500003000400000008004100004040001600045082002200061100002800083245005800111490000500169650001900174650002600193GCL140319s9999 xx 000 0 ara d aGCL / cGCL04aطb813.02bا ص1 aابراهيم عزوز10aصديق العصافير / cابراهيم عزوز a04aالاطفال04aقصص الاطفال